[Event "Preciso aumentar a estatística!"]
[Site "http://www.queenalice.com/game.php?id=189043"]
[Date "2007.3.28"]
[Round "-"]
[White "li_pinheiro"]
[Black "danabreu"]
[Result "1-0"]
[WhiteElo "1306"]
[BlackElo "984"]

1. e4 c6 2. d4 d5 3. exd5 cxd5 4. Qd3 Qa5+ 5. Bd2 Qc7 6. Nf3 a6 7. Na3 Nc6 8. c4
e6 9. cxd5 exd5 10. Qe3+ Qe7 11. Ng5 g6 12. O-O-O h6 13. Nh3 f5 14. Qg3 g5 15.
Re1 Be6 16. f4 Qf6 17. fxg5 hxg5 18. Nxg5 Nxd4 19. Qc7 Qd8 20. Qxb7 Nc6 21.
Qxc6+ Qd7 22. Qxa8+ Ke7 23. Nxe6 Qe8 24. Nc7+ Kf7 25. Qxe8+ Kg7 26. Re6 Nf6 27.
Bc3 Bc5 28. Bxf6+ Kh7 29. Qxh8+ Kg6 30. Bh4+ Kf7 31. Qh7+ Kf8 32. Re8# 1-0

[Event "Bora Sispl"]
[Site "http://www.queenalice.com/game.php?id=189126"]
[Date "2007.3.28"]
[Round "-"]
[White "danabreu"]
[Black "groo"]
[Result "0-1"]
[WhiteElo "1080"]
[BlackElo "1356"]

1. e4 e5 2. Be2 Bc5 3. Bh5 Qh4 4. Qf3 Nf6 5. Na3 Nxh5 6. d3 c6 7. Be3 Bxe3 8.
Qxe3 Nf4 9. g4 Ng2+ 10. Kf1 Nxe3+ 11. Ke1 Na6 12. Nc4 Nxc2+ 13. Kd2 Nxa1 14.
Nd6+ Ke7 15. Nxc8+ Raxc8 16. Nf3 Qxf2+ 17. Kc3 Qxf3 18. Rxa1 Qxg4 19. Rf1 Nc5
20. b4 Ne6 21. a3 d5 22. a4 dxe4 23. dxe4 Qxe4 24. Rf4 Qxf4 25. Kb3 Rcd8 26. h3
Rd3+ 27. Kb2 Qf2+ 28. Ka1 Rd1# 0-1

[Event "Challenge"]
[Site "http://www.queenalice.com/game.php?id=189606"]
[Date "2007.3.30"]
[Round "-"]
[White "farofa38"]
[Black "danabreu"]
[Result "1-0"]
[WhiteElo "1555"]
[BlackElo "1060"]

1. g4 e5 2. e4 Qf6 3. d3 Bc5 4. Nh3 d6 5. g5 Qe6 6. c3 Qg6 7. b4 Bb6 8. d4 a5 9.
dxe5 dxe5 10. f4 f6 11. fxe5 fxe5 12. Qd5 c6 13. Qxe5+ Ne7 14. Nf4 Qf7 15. Nd2
Nd7 16. Qd6 Be3 17. Ne6 b6 18. Bh3 Ba6 19. Nc7+ Kf8 20. Nxa8 c5 21. Qxd7 Nd5 22.
Qd6+ Qe7 23. Qxd5 Bc8 24. Bxc8 Qf7 25. Be6 Bf2+ 26. Ke2 Qf4 27. Qd8# 1-0

[Event "De novo!!!!"]
[Site "http://www.queenalice.com/game.php?id=191556"]
[Date "2007.4.4"]
[Round "-"]
[White "danabreu"]
[Black "bonzinho"]
[Result "0-1"]
[WhiteElo "1069"]
[BlackElo "1217"]

1. e4 e5 2. Nf3 d6 3. Bb5+ c6 4. Bc4 Be7 5. O-O Nf6 6. d3 Ng4 7. Qe1 h5 8. h3
Nf6 9. a4 d5 10. exd5 cxd5 11. Bb5+ Nfd7 12. Nxe5 a6 13. Bxd7+ Bxd7 14. Nxd7
Qxd7 15. Nc3 O-O 16. Qe3 g6 17. Qg3 d4 18. Qf3 Nc6 19. Ra3 Nb4 20. Na2 Nxc2 21.
Rb3 Qxa4 22. Qxb7 Rab8 23. Qxe7 Qxb3 24. Qa3 Qe6 25. Nb4 Nxa3 26. Bf4 Rxb4 27.
g4 Rxb2 28. Bc1 Rb3 29. Rd1 Qe2 30. Rd2 Qe1+ 31. Kg2 Qxc1 32. Re2 Rxd3 33. Re3
Rd1 34. Re6 fxe6 35. f4 Rxf4 36. gxh5 Qd2+ 37. Kg3 Qf2# 0-1

[Event "Challenge"]
[Site "http://www.queenalice.com/game.php?id=194320"]
[Date "2007.4.9"]
[Round "-"]
[White "marvin"]
[Black "danabreu"]
[Result "1-0"]
[WhiteElo "1301"]
[BlackElo "1048"]

1. e4 d6 2. Nf3 Nf6 3. Nc3 e6 4. Ng5 Qe7 5. d4 Nc6 6. Bd3 g6 7. O-O Bh6 8. Bb5
Bd7 9. Re1 O-O-O 10. d5 Ne8 11. dxc6 Bxg5 12. cxd7+ Kb8 13. dxe8=Q Rdxe8 14.
Bxe8 Rxe8 15. f4 Bf6 16. Be3 Qd7 17. e5 h6 18. exf6 g5 19. fxg5 hxg5 20. Bxg5
Rg8 21. Qd2 Qb5 22. Nxb5 c6 23. Nxd6 c5 24. Re5 Kc7 25. Rxc5+ Kb6 26. Qb4+ Ka6
27. Qb5# 1-0

[Event "WorldFamousSispl"]
[Site "http://www.queenalice.com/game.php?id=194959"]
[Date "2007.4.11"]
[Round "1"]
[White "danabreu"]
[Black "gamnascimento"]
[Result "0-1"]
[WhiteElo "1037"]
[BlackElo "1194"]

1. e4 e5 2. Nc3 Qg5 3. d3 Qh4 4. Qd2 c5 5. Nd5 Bd6 6. Nb6 axb6 7. g3 Qf6 8. f4
exf4 9. gxf4 Bxf4 10. Qf2 Nh6 11. Ne2 Ng4 12. Qf3 h5 13. Nxf4 g5 14. Bd2 Qxb2
15. Rd1 Qxc2 16. Rc1 Qxa2 17. Bc3 Rh7 18. Qg2 gxf4 19. Ra1 Qb3 20. Rxa8 Qxc3+
21. Qd2 Qe5 22. Rxb8 Qxb8 23. h3 Ne3 24. Be2 Ng2+ 25. Kf1 Rg7 26. Bxh5 Ne3+ 27.
Kf2 Rg2+ 28. Ke1 Rg5 29. Bf3 Qa8 30. Qb2 Qa4 31. Qxb6 Qa1+ 32. Kf2 Qe5 33. h4
Rg6 34. Qa7 Ng4+ 35. Ke2 Qb2+ 36. Ke1 Qc3+ 37. Kf1 Qxd3+ 38. Be2 Qb1+ 39. Kg2
Ne3+ 40. Kh2 d6 41. Qa4+ Kf8 42. Qd1 Qxe4 43. Qf1 Nxf1+ 44. Rxf1 Qxe2+ 45. Kh1
Qxf1+ 46. Kh2 Rg2# 0-1

[Event "Challenge"]
[Site "http://www.queenalice.com/game.php?id=196546"]
[Date "2007.4.14"]
[Round "-"]
[White "danabreu"]
[Black "Hugo62"]
[Result "0-1"]
[WhiteElo "1038"]
[BlackElo "1227"]

1. e4 e5 2. Qh5 Nf6 3. Qxe5+ Be7 4. d3 Nc6 5. Qg3 O-O 6. Nc3 Nd4 7. Nb5 Nxc2+ 8.
Kd1 Nxa1 9. Be2 c6 10. Na3 Nh5 11. Bxh5 g6 12. Bf3 Qb6 13. Nh3 Qd4 14. Be2 a6
15. Nc2 Nxc2 16. Kxc2 Bf6 17. Nf4 Re8 18. h4 d6 19. Be3 Qa4+ 20. b3 Qxa2+ 21.
Kd1 Bc3 22. Bc1 Qxb3# 0-1

[Event "SISPL Challenge"]
[Site "http://www.queenalice.com/game.php?id=198739"]
[Date "2007.4.18"]
[Round "1"]
[White "danabreu"]
[Black "erichans"]
[Result "0-1"]
[WhiteElo "1025"]
[BlackElo "1690"]

1. d4 Nf6 2. Nc3 d5 3. e3 Bf5 4. Bb5+ Nbd7 5. Nf3 e6 6. O-O Bd6 7. Nh4 Bg6 8. a4
O-O 9. Nxg6 fxg6 10. Bxd7 Nxd7 11. Qg4 Qf6 12. Ne4 dxe4 13. Qxe4 c6 14. Ra3 Bxa3
15. bxa3 e5 16. dxe5 Qxe5 17. Qc4+ Qd5 18. Qb4 b6 19. e4 Qf7 20. Qd6 c5 21. e5
Rae8 22. Re1 Qxf2+ 23. Kh1 Qxe1# 0-1

[Event "Challenge"]
[Site "http://www.queenalice.com/game.php?id=202318"]
[Date "2007.4.25"]
[Round "-"]
[White "rethiel"]
[Black "danabreu"]
[Result "1-0"]
[WhiteElo "1062"]
[BlackElo "1049"]

1. e4 Nc6 2. c4 e6 3. d3 d5 4. cxd5 Nf6 5. Be2 Bb4+ 6. Nd2 exd5 7. a3 Ba5 8. b4
Bb6 9. Ngf3 O-O 10. Qb3 Nd4 11. Qc3 Qd6 12. O-O c6 13. Nxd4 Qe5 14. N2f3 Qe6 15.
Ng5 Qe7 16. Bh5 Nxh5 17. Ngf3 Nf4 18. Bxf4 Qf6 19. Qd2 dxe4 20. dxe4 c5 21. bxc5
Bxc5 22. Nf5 b5 23. Rab1 Rb8 24. Qd5 Bxa3 25. Bg5 Qg6 26. Rxb5 Rxb5 27. Qxb5 Qe6
28. Qa5 Qa2 29. Be7 Re8 30. Bxa3 Qe6 31. Re1 Qe5 32. Nxe5 f6 33. Qb5 Rxe5 34.
Qb8 Re8 35. Nd6 Kf8 36. Nxc8+ Re7 37. Nxe7+ Kf7 38. Qxa7 Ke6 39. e5 Kf7 40. exf6
Kxf6 41. Qa6+ Kg5 42. Re5+ Kh4 43. g3+ Kg4 44. Qe2+ Kh3 45. f3 g6 46. Nd5 h5 47.
Nf4# 1-0

[Event "WorldFamousSispl"]
[Site "http://www.queenalice.com/game.php?id=208544"]
[Date "2007.5.9"]
[Round "2"]
[White "danabreu"]
[Black "bonzinho"]
[Result "0-1"]
[WhiteElo "1014"]
[BlackElo "1330"]

1. d4 f5 2. Nc3 Nc6 3. Bf4 Nxd4 4. Qxd4 e6 5. Qc4 d5 6. Qxc7 Qf6 7. Nb5 Bb4+ 8.
c3 Qe7 9. Nd6+ Bxd6 10. Bxd6 Qd7 11. Qc5 b6 12. Qd4 Qxd6 13. Qxg7 Nh6 14. Qxh8+
Qf8 15. Qd4 Ng4 16. e3 Bd7 17. Bd3 h5 18. Nf3 Rc8 19. O-O Qe7 20. Qa4 Bxa4 21.
b3 Rxc3 22. Rad1 Bc6 23. Nd4 Bb7 24. Bb5+ Kd8 25. Rc1 Rd3 26. Nc6+ Bxc6 27. Bxc6
Ne5 28. Bb5 Qb4 29. Bxd3 Nxd3 30. Rcd1 Qc3 31. h3 Nb2 32. Rb1 e5 33. a4 Qxb3 34.
Rbd1 Nxd1 35. Rxd1 Qxd1+ 36. Kh2 e4 37. f3 exf3 38. gxf3 Qxf3 39. Kg1 Qxe3+ 40.
Kg2 f4 41. h4 f3+ 42. Kg3 f2+ 43. Kg2 Qe2 44. a5 f1+=Q+ 45. Kg3 Qe3+ 46. Kh2
Qeh3# 0-1

[Event "Challenge"]
[Site "http://www.queenalice.com/game.php?id=211156"]
[Date "2007.5.15"]
[Round "-"]
[White "Lauermann"]
[Black "danabreu"]
[Result "1-0"]
[WhiteElo "1624"]
[BlackElo "1010"]

1. e3 d5 2. b3 Nc6 3. g3 e6 4. Bb2 f5 5. Bg2 Bd7 6. Qh5+ g6 7. Qe2 Bc5 8. Bxh8
Nb4 9. Na3 h5 10. Nf3 Qe7 11. Ne5 Bc6 12. Nxg6 Qf7 13. Ne5 Qf6 14. Bxf6 Nxf6 15.
c3 Na6 16. b4 Bb6 17. d4 O-O-O 18. Nxc6 bxc6 19. Qxa6+ Kd7 20. h4 Ne8 21. O-O
Nd6 22. f4 Ne4 23. Bxe4 1-0